Η πάπισσα Ιωάννα

Αποθηκεύτηκε σε:
Λεπτομέρειες βιβλιογραφικής εγγραφής
Κύριος συγγραφέας: Ροΐδης, Εμμανουήλ Δ., 1836-1904
Μορφή: Βιβλίο
Γλώσσα:Greek
Δημοσίευση: Αθήνα : Ερμής, 1988
Σειρά:Νέα ελληνική βιβλιοθήκη (Εκδοτική Ερμής). ΔΠ.
Θέματα:
Ετικέτες: Προσθήκη ετικέτας
Δεν υπάρχουν, Καταχωρήστε ετικέτα πρώτοι!

MARC

LEADER 00000cam a2200000 i 4500
001 1/88021
008 931209s1988 gre d
035 |a 1989  |b 2  |c Δωρεά  |l 10035394 
040 |a GR-MY-UA  |b gre  |e aacr 
041 0 |a gre 
082 0 |a 889.32 
100 1 |a Ροΐδης, Εμμανουήλ Δ.,   |d 1836-1904. 
245 1 2 |a Η πάπισσα Ιωάννα /  |c Εμμανουήλ Ροΐδης ; μετάφραση Αλκης Αγγέλου 
260 |a Αθήνα :   |b Ερμής,   |c 1988 
300 |a 410 σ. 
490 1 |a Νέα ελληνική βιβλιοθήκη  |v ; ΔΠ 44 
650 0 0 |a Greek fiction, Modern  |y 19th century. 
830 0 |a Νέα ελληνική βιβλιοθήκη (Εκδοτική Ερμής).   |p ΔΠ. 
852 |a INST  |b RHODES  |e 19931209  |h 889.32 ΡΟΙ  |p 005400002952  |q 005400002952  |t BK  |y 0